| 000 | 01113nam a2200301Ia 4500 | ||
|---|---|---|---|
| 001 | ebr5000994 | ||
| 003 | CaPaEBR | ||
| 006 | m u | ||
| 007 | cr cn||||||||| | ||
| 008 | 030314s2001 ncu s 000 0 eng d | ||
| 040 |
_aCaPaEBR _cCaPaEBR |
||
| 035 | _a(OCoLC)450672704 | ||
| 050 | 1 | 4 |
_aPR2807 _b.A1 2001eb |
| 100 | 1 |
_aShakespeare, William, _d1564-1616. |
|
| 245 | 1 | 0 |
_aHamlet _h[electronic resource] / _cWilliam Shakespeare. |
| 260 |
_aRaleigh, NC : _bAlex Catalogue, _c2001. |
||
| 300 | _a101 p. | ||
| 533 |
_aElectronic reproduction. _bPalo Alto, Calif. : _cebrary, _d2010. _nAvailable via World Wide Web. _nAccess may be limited to ebrary affiliated libraries. |
||
| 650 | 0 |
_aHamlet (Legendary character) _vDrama. |
|
| 650 | 0 |
_aMurder victims' families _vDrama. |
|
| 650 | 0 |
_aFathers _xDeath _vDrama. |
|
| 650 | 0 |
_aPrinces _vDrama. |
|
| 650 | 0 |
_aRevenge _vDrama. |
|
| 651 | 0 |
_aDenmark _vDrama. |
|
| 655 | 7 |
_aElectronic books. _2local |
|
| 710 | 2 | _aebrary, Inc. | |
| 856 | 4 | 0 |
_uhttp://site.ebrary.com/lib/rucke/Doc?id=5000994 _zAn electronic book accessible through the World Wide Web; click to view |
| 999 |
_c3151 _d3151 |
||